| 000 | 00343nam a22001577a 4500 | ||
|---|---|---|---|
| 003 | SGT | ||
| 082 |
_a616.07 _bD12B |
||
| 100 | _aBAIN,BARBARA J. | ||
| 245 | _aDACIE & LEWIS PRACTICAL HAEMATOLOGY | ||
| 250 | _a11TH | ||
| 260 |
_aU.K _bCHURCHILL _c2012 |
||
| 300 | _a653 | ||
| 650 | _aHOMOEOPATHIC | ||
| 653 | _aPRACTICAL | ||
| 942 |
_2ddc _cBK |
||
| 999 |
_c18511 _d18511 |
||